[Event "AUTO-ADV-1838"]
[Site "http://www.queenalice.com/game.php?id=914868"]
[Date "2011.3.19"]
[Round "2"]
[White "vininetto"]
[Black "RobertD"]
[Result "1-0"]
[WhiteElo "2047"]
[BlackElo "1885"]

1. d4 d5 2. c4 dxc4 3. Nc3 c6 4. e4 b5 5. Nf3 a6 6. g3 Bb7 7. Bg2 e6 8. O-O Nf6
9. Bg5 Be7 10. a3 h6 11. Be3 O-O 12. Qc2 Nh7 13. e5 f5 14. exf6 Bxf6 15. Ne4 Be7
16. Nc5 Bc8 17. Ne5 Bxc5 18. dxc5 Qc7 19. f4 Nf6 20. Rad1 Nd5 21. Bf2 Nd7 22.
Ng6 Rf7 23. Bd4 N7f6 24. Ne5 Rf8 25. Ng6 Rf7 26. Be5 Qd7 27. Bd6 Ng4 28. Ne5 Qe8
29. Nxg4 1-0

[Event "AUTO-ADV-1838"]
[Site "http://www.queenalice.com/game.php?id=914869"]
[Date "2011.3.19"]
[Round "2"]
[White "RobertD"]
[Black "vininetto"]
[Result "0-1"]
[WhiteElo "1875"]
[BlackElo "2067"]

1. f4 d5 2. Nf3 c5 3. d4 e6 4. c3 Nc6 5. Nbd2 Nf6 6. e3 Be7 7. Bb5 Bd7 8. Bxc6
Bxc6 9. Ne5 Qc7 10. a4 b6 11. b3 Bb7 12. O-O cxd4 13. cxd4 O-O 14. Bb2 Rac8 15.
Rc1 Qd8 16. Qe2 Rc7 17. Rxc7 Qxc7 18. Rc1 Qb8 19. Nc6 Bxc6 20. Rxc6 Qb7 21. Rc2
Rc8 22. Nf3 Ne4 23. Qd1 Bb4 24. Qc1 Rxc2 25. Qxc2 h6 26. g4 b5 27. Kg2 bxa4 28.
bxa4 a5 29. h4 f6 30. g5 hxg5 31. hxg5 Kf7 32. gxf6 gxf6 33. Kf1 Qb8 34. Qh2 Bf8
35. Qh7+ Bg7 36. Qh5+ Kg8 37. Bc1 Ng3+ 0-1

[Event "GLT-9012"]
[Site "http://www.queenalice.com/game.php?id=939540"]
[Date "2011.5.18"]
[Round "-"]
[White "z3r0vulc4n"]
[Black "vininetto"]
[Result "0-1"]
[WhiteElo "1616"]
[BlackElo "2069"]

1. e4 c5 2. d4 cxd4 3. Qxd4 d6 4. Nc3 Nc6 5. Bb5 Bd7 6. Bxc6 Bxc6 7. Nf3 e6 8.
O-O Nf6 9. Bg5 Be7 10. Bxf6 Bxf6 11. Qe3 O-O 12. e5 Be7 13. exd6 Bxd6 14. Qd3
Qe7 15. Ne4 Bc7 16. Neg5 g6 17. Rae1 Rad8 18. Qe3 Bb6 19. Qf4 h6 20. Ne4 Kg7 21.
b3 Bc7 22. Qe3 a6 23. Qc3+ f6 24. Rd1 Bxe4 25. Rxd8 Rxd8 26. Qe3 Bxc2 0-1

[Event "AUTO-OPEN-3787"]
[Site "http://www.queenalice.com/game.php?id=1472730"]
[Date "2017.4.9"]
[Round "1"]
[White "vininetto"]
[Black "bdpq"]
[Result "1-0"]
[WhiteElo "1912"]
[BlackElo "1682"]

1. e4 d5 2. exd5 Qxd5 3. Nc3 Qd8 4. d4 e6 5. Nf3 Bb4 6. Bd2 Nf6 7. Bd3 O-O 8.
O-O Nd5 9. Ng5 g6 10. Qg4 e5 11. Qh4 h5 12. dxe5 Nc6 13. f4 Bc5+ 14. Kh1 Ncb4
15. Nxd5 Nxd3 16. Nf6+ Kg7 17. cxd3 Be7 18. Nxh5+ gxh5 19. Qxh5 Bxg5 20. fxg5
Rh8 21. Qxf7# 1-0

[Event "AUTO-OPEN-3787"]
[Site "http://www.queenalice.com/game.php?id=1472731"]
[Date "2017.4.9"]
[Round "1"]
[White "bdpq"]
[Black "vininetto"]
[Result "1-0"]
[WhiteElo "1622"]
[BlackElo "1883"]

1. e4 c5 2. d4 cxd4 3. Qxd4 Nc6 4. Qe3 d6 5. Bd2 Nf6 6. Bb5 Bd7 7. Bc3 e6 8. e5
dxe5 9. Bxc6 Bxc6 10. f3 e4 11. Nd2 exf3 12. Ngxf3 Be7 13. O-O-O Qc7 14. Nc4 Nd5
15. Qd4 Bf6 16. Qg4 Nxc3 17. bxc3 Bxf3 18. Qxf3 Qxc4 19. Kd2 O-O 20. Ke1 Rfd8
21. Rxd8+ Rxd8 22. Kf2 Bxc3 23. Rd1 Rxd1 24. Qxd1 Qd4+ 25. Qxd4 Bxd4+ 26. Kf3
Kf8 27. Ke4 e5 28. g4 Ke7 29. Kd3 Kd6 30. c3 Kc5 31. cxd4+ exd4 32. a4 b6 33. h4
1-0

[Event "AUTO-ADV-3820"]
[Site "http://www.queenalice.com/game.php?id=1474588"]
[Date "2017.4.22"]
[Round "1"]
[White "attachui"]
[Black "vininetto"]
[Result "1-0"]
[WhiteElo "1832"]
[BlackElo "1857"]

1. d4 d5 2. c4 e6 3. Nc3 Nf6 4. cxd5 Nxd5 5. e4 Nf6 6. Bg5 Be7 7. Nf3 O-O 8. Bc4
Nbd7 9. O-O c5 10. d5 Nb6 11. Bd3 exd5 12. exd5 Nbxd5 13. Nxd5 Nxd5 14. Bxe7
Nxe7 15. Qc2 1-0

[Event "AUTO-ADV-3820"]
[Site "http://www.queenalice.com/game.php?id=1474589"]
[Date "2017.4.22"]
[Round "1"]
[White "vininetto"]
[Black "attachui"]
[Result "0-1"]
[WhiteElo "1840"]
[BlackElo "2043"]

1. e4 c5 2. Nf3 d6 3. d4 cxd4 4. Nxd4 Nf6 5. Nc3 a6 6. Bd3 e5 7. Nf3 Nc6 8. O-O
Bg4 9. h3 Bh5 10. Be2 Rc8 11. a3 Ne7 12. Bg5 h6 13. Bh4 g5 14. Bg3 Bg7 0-1

[Event "AUTO-ADV-3820"]
[Site "http://www.queenalice.com/game.php?id=1474600"]
[Date "2017.4.22"]
[Round "1"]
[White "Leofelix"]
[Black "vininetto"]
[Result "1-0"]
[WhiteElo "1974"]
[BlackElo "1914"]

1. e4 c5 2. Bc4 d6 3. h3 Nf6 4. Nc3 g6 5. Nf3 Bg7 6. d4 cxd4 7. Nxd4 O-O 8. O-O
Nc6 9. Nxc6 bxc6 10. Be3 Be6 11. Bxe6 fxe6 12. Qe2 Qc7 13. Rfd1 Rab8 14. Rab1 d5
15. f4 Nd7 16. e5 Nb6 17. Qg4 Rf5 18. b3 Nd7 19. Na4 c5 20. Qe2 d4 21. Bf2 Nb6
22. g3 Nxa4 23. bxa4 Rff8 24. Qc4 Rb6 25. Rxb6 1-0

[Event "AUTO-ADV-3820"]
[Site "http://www.queenalice.com/game.php?id=1474601"]
[Date "2017.4.22"]
[Round "1"]
[White "vininetto"]
[Black "Leofelix"]
[Result "0-1"]
[WhiteElo "1930"]
[BlackElo "1935"]

1. d4 d5 2. c4 e6 3. Nc3 dxc4 4. Nf3 h6 5. e3 Bb4 6. Bxc4 Bxc3+ 7. bxc3 Bd7 8.
Ba3 Nf6 9. Qc2 b5 10. Bd3 Bc6 11. e4 Nfd7 12. O-O a5 13. Rfe1 b4 14. cxb4 axb4
15. Bxb4 Ba4 16. Qc3 Nc6 17. Ba3 Ne7 18. d5 O-O 19. dxe6 fxe6 20. Qc4 Rf7 21.
Bb2 Nc5 22. Bc2 Bxc2 23. Qxc2 Na4 24. Be5 Ng6 25. Bg3 Qc8 26. e5 Ne7 0-1

[Event "AUTO-ADV-3820"]
[Site "http://www.queenalice.com/game.php?id=1474606"]
[Date "2017.4.22"]
[Round "1"]
[White "TITAN10"]
[Black "vininetto"]
[Result "0-1"]
[WhiteElo "1782"]
[BlackElo "1919"]

1. e4 c5 2. Nf3 d6 3. d4 cxd4 4. Nxd4 Nc6 5. Bb5 g6 6. Nxc6 bxc6 7. Bxc6+ Bd7 8.
Bxa8 Qxa8 9. Nc3 Nf6 10. f3 Bg7 11. Be3 O-O 12. O-O a6 13. Rb1 Rc8 14. Qe2 Be6
15. Bd2 Bc4 16. Qf2 Bxf1 17. Kxf1 a5 18. Be3 e6 19. Qd2 Qb8 20. Ne2 Qb5 21. c3
d5 22. e5 Nd7 23. f4 Nb6 24. Bxb6 Qxb6 25. Nd4 f6 26. Re1 fxe5 27. fxe5 Qc7 28.
Nxe6 Qf7+ 29. Nf4 Bh6 30. g3 Rd8 0-1

[Event "AUTO-ADV-3820"]
[Site "http://www.queenalice.com/game.php?id=1474607"]
[Date "2017.4.22"]
[Round "1"]
[White "vininetto"]
[Black "TITAN10"]
[Result "0-1"]
[WhiteElo "1900"]
[BlackElo "1873"]

1. d4 Nf6 2. c4 e6 3. Nc3 c5 4. Nf3 Be7 5. e3 O-O 6. Bd3 d5 7. O-O Nc6 8. a3 a6
9. Qc2 cxd4 10. exd4 Qc7 11. Bg5 Re8 12. Rfe1 h6 13. Bh4 Qd8 14. Ne5 Nxd4 15.
Qd1 Nf5 16. Bxf5 exf5 17. f3 Bd6 18. Nxd5 Bxe5 19. Nxf6+ Bxf6 20. Rxe8+ Qxe8 21.
Bxf6 gxf6 22. Qd2 Kh7 23. Re1 Be6 24. Qc3 Qe7 25. h3 Rc8 26. Kh1 Rxc4 27. Qxc4
Qd7 28. Qc3 Kg6 29. Re2 Qd1+ 0-1